Reasoning & Writing Well: A Rhetoric, Research Guide, Reader and Handbook. (Record no. 1013)

MARC details
005 - DATE AND TIME OF LATEST TRANSACTION
control field 20250625145419.0
020 ## - INTERNATIONAL STANDARD BOOK NUMBER
International Standard Book Number 978-0-07-296297-6
082 ## - DEWEY DECIMAL CLASSIFICATION NUMBER
Classification number 808.042 DIE
100 ## - MAIN ENTRY--PERSONAL NAME
Author name DIETSCH, B. M.
245 ## - TITLE STATEMENT
Title Reasoning & Writing Well: A Rhetoric, Research Guide, Reader and Handbook.
250 ## - EDITION STATEMENT
Edition statement 4th Ed.
260 ## - PUBLICATION, DISTRIBUTION, ETC.
Place of publication, distribution, etc. Boston,
Name of publisher, distributor, etc. McGraw-Hill,
Date of publication, distribution, etc. 2006.
300 ## - PHYSICAL DESCRIPTION
Extent xxxii, 793p., ill., table, figure, picture
Other physical details Index, glossary
Dimensions 24cm.
942 ## - ADDED ENTRY ELEMENTS (KOHA)
Source of classification or shelving scheme Dewey Decimal Classification
Koha item type Books
Holdings
Date last seen Total checkouts Full call number Barcode Cost, replacement price Price effective from Koha item type Lost status Source of classification or shelving scheme Damaged status Not for loan Withdrawn status Home library Current library Shelving location Date acquired Cost, normal purchase price
03/19/2025   808.042 DIE 0000003626 195000.00 03/19/2025 Books   Dewey Decimal Classification       College of Business Education Main Library College of Business Education Main Library General Collection 03/19/2025 65000.00
03/19/2025   808.042 DIE 0000003627 195000.00 03/19/2025 Books   Dewey Decimal Classification       College of Business Education Main Library College of Business Education Main Library General Collection 03/19/2025 65000.00
03/19/2025   808.042 DIE 0000003628 195000.00 03/19/2025 Books   Dewey Decimal Classification       College of Business Education Main Library College of Business Education Main Library General Collection 03/19/2025 65000.00
03/19/2025   808.042 DIE 0000003629 195000.00 03/19/2025 Books   Dewey Decimal Classification       College of Business Education Main Library College of Business Education Main Library General Collection 03/19/2025 65000.00
03/19/2025   808.042 DIE 0000003630 195000.00 03/19/2025 Books   Dewey Decimal Classification       College of Business Education Main Library College of Business Education Main Library General Collection 03/19/2025 65000.00